00717nam a22002177a 4500003000400000005001700004008004100021020001800062040003400080082002600114100004500140245004800185250002200233264003600255300002700291490005800318500001300376504002800389650003100417700005100448OSt20220610112616.0180228s2017 pe 000 0 spa  a9786124095733 cBiblioteca Municipal de Cusco a869.56/P2386PbP2386P1 aPantigozo Montes, Jaime A.d1946-eautor10aPresentimiento /cJaime A. Pantigozo Montes aPrimera edición 1aLima :bLluvia Editores,c2017. a180 páinas ;c24 cm. aColección Luis Fernando Vidal. Serie Sahumerio ;v2 aRelatos. aBibliografía: p. 179. aCuentos peruanosySiglo XX aSánchez Cerrón, Josuéd1945-eilustrador